Best Of The Arabian Nights / (Record no. 13461)
[ view plain ]
| 000 -LEADER | |
|---|---|
| fixed length control field | 00700nam a2200241 a 4500 |
| 001 - CONTROL NUMBER | |
| JCCL Control Number | 13461 |
| 003 - CONTROL NUMBER IDENTIFIER | |
| JCCL marc code | BD-JhCC |
| 005 - DATE AND TIME OF LATEST TRANSACTION | |
| control field | 20231005105350.0 |
| 008 - FIXED-LENGTH DATA ELEMENTS--GENERAL INFORMATION | |
| fixed length control field | 231005b2020 ii a|||| ||a| 000 0 eng d |
| 020 ## - INTERNATIONAL STANDARD BOOK NUMBER | |
| International Standard Book Number | 9788131026199 |
| 035 ## - SYSTEM CONTROL NUMBER | |
| system control number | (BD-JhCC)13461 |
| 040 ## - CATALOGING SOURCE | |
| Original cataloging agency | BD-JhCC |
| Modifying agency | BD-JhCC |
| 041 ## - LANGUAGE CODE | |
| Language code of Book | English |
| 082 ## - DEWEY DECIMAL CLASSIFICATION NUMBER | |
| Classification number | 398.2 |
| Author mark and Year | LAN 2020 |
| 100 ## - MAIN ENTRY--PERSONAL NAME | |
| Personal name | Grodstein, Lauren |
| 245 ## - TITLE STATEMENT | |
| Title | Best Of The Arabian Nights / |
| Statement of responsibility, etc | Lauren Grodstein, Tra: Antoine Galland. |
| 260 ## - PUBLICATION, DISTRIBUTION, ETC. (IMPRINT) | |
| Place of publication, distribution, etc | India: |
| Name of publisher, distributor, etc | Manoj Publications; |
| Date of publication, distribution, etc | 2020. |
| 300 ## - PHYSICAL DESCRIPTION | |
| Pagination | 128 p. : |
| Other physical details | ill; |
| Dimensions | 26 cm. |
| 650 ## - SUBJECT ADDED ENTRY--TOPICAL TERM | |
| Topical term or geographic name as entry element | Arabs |
| General subdivision | Arab countries |
| Geographic subdivision | Folklore |
| Form subdivision | Children's stories |
| Chronological subdivision | Arabian Peninsula |
| 700 ## - ADDED ENTRY--PERSONAL NAME | |
| Personal name | Galland, Antoine |
| 942 ## - ADDED ENTRY ELEMENTS (KOHA) | |
| Source of classification or shelving scheme | Dewey Decimal Classification |
| Koha item type | Books |
| Source of classification or shelving scheme | Damaged status | Not for loan | Home library | Current library | Shelving location | Date of accession | Cost, normal purchase price | Total Checkouts | Full call number | Barcode | Date last seen | Copy number | Method of acquisition | Koha item type | Currency |
|---|---|---|---|---|---|---|---|---|---|---|---|---|---|---|---|
| Dewey Decimal Classification | JCC Rouf Library | JCC Rouf Library | General Stacks | 10/05/2023 | 360.00 | 398.2 LAN 2020 | 18331 | 10/05/2023 | C-1 | Purchase | Books | BDT |